Epistolario de Rufino José Cuervo con Miguel Antonio Caro (Registro nro. 3126)

Detalles MARC
000 -ENCABEZADO
Número de control [NR] 00866nam a2200205Ia 4500
008 - DE LONGITUD FIJA DE DATOS DE ELEMENTOS - INFORMACIÓN GENERAL
Elementos de longitud fija [NR] 130821s1978 ck gr spa
040 ## - FUENTE DE CATALOGACION [NR]
Agencia de catalogación original [NR] Co-BoUCM
Idioma de catalogación [NR] spa
041 ## - CODIGO DE IDIOMA [R]
Código de idioma para texto/pista de sonido o título separado [R] Español
100 ## - ASIENTO PRINCIPAL--NOMBRE PERSONAL [NR]
Nombre personal [NR] Cuervo, Rufino José
Fechas asociadas con el nombre [NR] 1844-1911
ID Autoridad 33563
245 ## - MENCION DE TITULO [NR]
Título [NR] Epistolario de Rufino José Cuervo con Miguel Antonio Caro
Mención de responsabilidad, etc. [NR] Rufino José Cuervo ; edición introducción y notas de Mario Germ n Romero
260 ## - PUBLICACION, DISTRIBUCION, ETC. (PIE DE IMPRENTA) [R]
Lugar de publicación, distribución, etc. [R] Bogotá (Colombia)
Nombre del editor, distribuidor, etc. [R] Instituto Caro y Cuervo
Fecha de publicación, distribución, etc. [R] 1978
300 ## - DESCRIPCION FISICA [R]
Extensión [R] 315 páginas
490 ## - MENCION DE SERIE [R]
Mención de serie [R] Publicaciones del Instituto Caro y Cuervo, archivo epistolar colombiano, XIII
504 ## - NOTA DE BIBLIOGRAFIA, ETC. [R]
Nota de bibliografía, etc. [NR]
600 ## - ASIENTO SECUNDARIO DE MATERIA - NOMBRE PERSONAL [R]
Nombre personal [NR] Cuervo, Rufino, José
Fechas asociadas con el nombre [NR] 1844-1911
Subdivisión de forma [R] Correspondencia, memorias, etc.
9 (RLIN) 95187
650 04 - ASIENTO SECUNDARIO DE MATERIA - TERMINO TEMATICO [R]
Término temático o nombre geográfico como elemento de entrada [NR] Epistolarios
9 (RLIN) 14681
650 04 - ASIENTO SECUNDARIO DE MATERIA - TERMINO TEMATICO [R]
Término temático o nombre geográfico como elemento de entrada [NR] Literatura colombiana
9 (RLIN) 18629
942 ## - ELEMENTOS DE ENTRADA AGREGADOS (KOHA)
Tipo de ítem principal el descrito en 300a Libro
Tema principal Literatura
Edición 1
Prefijo de la signatura top. (colección) Literatura - Colombia
Parte restante de la signatura top. C93c
Sistema de clasificación DEWEY
Clasificación 866
Existencias
Fecha de último préstamo Total préstamos Signatura topográfica Código de barras Última vez visto Ejemplar Price effective from Tipo de ítem Perdido Sistema de clasificación Dañado No prestable Tipo de ítem específico Suprimido Ubicación habitual Ubicación actual Localización Fecha de creación Forma de adquisición Costo
29/11/2016 2 C 866 C93c 100018534 09/12/2025 Ej.1 03/02/2013 Libro   DEWEY     Libro   Claustro Claustro 2do piso 28/02/2003   240.00